Loading...
| Literature - American Literature | 0 | 6 | 0 | 1 | 60 | 99 | 137.00 | 1 | 1 |
| Literature - European Literature | 0 | 5 | 0 | 2 | 50 | 105 | 139.20 | 0 | 1 |
| Science - Other Science | 0 | 4 | 2 | 3 | 30 | 92 | 124.75 | 0 | 1 |
| Literature - World Literature | 0 | 3 | 0 | 0 | 30 | 99 | 118.33 | 0 | 0 |
| Social Science | 0 | 1 | 0 | 0 | 10 | 121 | 121.00 | 0 | 0 |
| Geography | 0 | 1 | 0 | 1 | 10 | 135 | 135.00 | 0 | 0 |
| History - American History | 0 | 1 | 0 | 0 | 10 | 137 | 137.00 | 0 | 0 |
| Religion | 0 | 1 | 0 | 0 | 10 | 44 | 44.00 | 0 | 1 |
| Literature - British Literature | 0 | 2 | 3 | 1 | 5 | 118 | 137.00 | 0 | 0 |
| Fine Arts - Classical Music | 0 | 0 | 0 | 0 | 0 | 0.00 | 0 | 0 | |
| Science - Physics | 0 | 0 | 0 | 0 | 0 | 0.00 | 0 | 0 | |
| Philosophy | 0 | 0 | 0 | 0 | 0 | 0.00 | 0 | 0 | |
| Science - Chemistry | 0 | 0 | 1 | 0 | -5 | 0.00 | 0 | 0 |